Top 5 Songs On The Life Of Pablo (Kanye West) - Statistics

General Stats
  • This quiz has been taken 185 times
  • The average score is 4 of 5
Answer Stats
Hint Answer % Correct
654,698,844 Father Stretch My Hands Pt. 1
88%
521,363,993 Famous
87%
236,528,454 Wolves
78%
312,193,202 Ultralight Beam
74%
392,234,110 Waves
74%
No matching quizzes found
Score Distribution
Percent of People with Each Score
Percentile by Number Answered
Your Score History
You have not taken this quiz